Biggest Cities in Countries by First Letter-C - Statistics

General Stats
  • This quiz has been taken 39 times
  • The average score is 14 of 20
Answer Stats
Population Answer % Correct
22,597,000 Beijing
100%
30,481,000 Shanghai
95%
14,880,000 Guangzhou
92%
8,986,000 Wuhan
89%
10,174,000 Nanjing
79%
11,795,000 Bogota
76%
9,998,000 Chengdu
76%
7,768,000 Hong Kong
76%
6,999,000 Santiago
76%
9,223,000 Xi'an
76%
13,546,000 Shenzhen
74%
18,171,000 Chongqing
71%
8,591,000 Hangzhou
71%
14,705,000 Tianjin
68%
7,068,000 Harbin
63%
6,491,000 Toronto
63%
7,974,000 Shenyang
50%
7,772,000 Dongguan
26%
7,817,000 Foshan
26%
8,592,000 Suzhou
26%
No matching quizzes found
Score Distribution
Percent of People with Each Score
Percentile by Number Answered
Your Score History
You have not taken this quiz